LEADER 02494nam 2200421 450 001 9910669819803321 005 20231125013326.0 010 $a1-136-53733-3 010 $a1-84977-569-9 035 $a(CKB)5600000000588171 035 $a(MiAaPQ)EBC1075085 035 $a(NjHacI)995600000000588171 035 $a(EXLCZ)995600000000588171 100 $a20231125d2011 uy 0 101 0 $aeng 135 $aur||||||||||| 181 $ctxt$2rdacontent 182 $cc$2rdamedia 183 $acr$2rdacarrier 200 00$aMeasuring Livelihoods and Environmental Dependence /$fedited by Arild Angelsen, Helle Overgaard Larsen, Carsten Smith Olsen 210 1$aLondon :$cRoutledge,$d[2011] 210 4$dİ2011 215 $a1 online resource (283 pages) 311 $a1-84971-132-1 327 $a1. Why measure rural livelihoods and environmental dependence? -- 2. Why do field research? -- 3. Composing a research proposal -- 4. Sampling: Who, how and how many? -- 5. Collecting contextual information -- 6. The division of labour between village, household and other surveys -- 7. Designing the household questionnaire -- 8. Valuing the priceless: What are non-marketed products worth? -- 9. Preparing for the field: Managing AND enjoying fieldwork -- 10. Hiring, training and managing a field team -- 11. Getting quality data -- 12. Data entry and quality checking -- 13. An introduction to data analysis -- 14. Communicating research for influence and impact -- Index. 330 $aThousands of surveys on rural livelihoods in developing countries are being done every year. Unfortunately, many suffer from weaknesses in methods and problems in implementation. Quantifying households' dependence on multiple environmental resources (forests, bush, grasslands and rivers) is particularly difficult and often simply ignored in the surveys. The results therefore do not reflect rural realities. In particular, 'the hidden harvest' from natural resources is generally too important to livelihoods for development research, policies and practice to ignore. Fieldwork using state-of-the-a. 606 $aHousehold surveys 615 0$aHousehold surveys. 676 $a001.433 702 $aAngelsen$b Arild 702 $aLarsen$b Helle Overgaard 702 $aOlsen$b Carsten Smith 801 0$bNjHacI 801 1$bNjHacl 906 $aBOOK 912 $a9910669819803321 996 $aMeasuring Livelihoods and Environmental Dependence$93056584 997 $aUNINA